| 000 | 00964nam a2200265Ia 4500 | ||
|---|---|---|---|
| 003 | OSt | ||
| 005 | 20221005113418.0 | ||
| 006 | a|||||r|||| 00| 0 | ||
| 007 | ta | ||
| 008 | 221004b |||||||| |||| 00| 0 pan d | ||
| 020 |
_a9789387629943 (hbk) _cINR 250.00 |
||
| 024 | _a65587 | ||
| 037 |
_b1168, 30/12/2019, H.K. Prakashan _cTextual |
||
| 040 |
_aCRL _cCRL _bpan |
||
| 041 |
_2pan _apan |
||
| 082 | _aO153,6x, Q9 | ||
| 100 |
_aਮਿਨਹਾਸ, ਕੁਲਵਿੰਦਰ ਕੌਰ, ਂਚ. _9624478 |
||
| 245 | 0 | _aਝੱੁਗੀਆਂ ਦੇ ਲਾਲ | |
| 260 |
_aਲੁਧਿਆਣਾ _bਚੇਤਨਾ ਪ੍ਰਕਾFਨ ਭਾਰਤ _c2019 |
||
| 300 |
_a136ਪੰ _ccm. |
||
| 650 | _a ਪੰਜਾਬੀ ਸਾਹਿਤ | ||
| 650 | _aਸ਼ਚਅਹ਼ਲਜ | ||
| 942 |
_hO153,6x, Q9 _cTEXL _2cc |
||
| 999 |
_c1028105 _d1028105 |
||